Statistiche per Personaggi serie TV - n. 4

Clicka qui per fare il quiz!

Statistiche generali

  • Questo quiz è stato fatto 37 volte
  • Il punteggio medio è 7 su 20

Statistiche sulle risposte

PersonaggioSerie% Corretto
Tony SopranoI Soprano
75%
Saul GoodmanBetter Call Saul
71%
ManoMercoledì
68%
Nonno LiberoUn medico in famiglia
57%
Eva CudiciniI Cesaroni
54%
Miley Ray StewartHannah Montana
50%
Horatio CaineCSI: Miami
46%
Clark KentSmallville
46%
Rhaenyra TargaryenHouse of the Dragon
39%
gatto SalemSabrina, vita da strega
39%
Samuel García DomínguezÉlite
25%
Devi VishwakumarNon ho mai…
18%
Princess CarolynBojack Horseman
14%
Anna ShirleyChiamatemi Anna
14%
GaiusMerlin
14%
Elliot AldersonMr. Robot
14%
Semir GerkhanSquadra speciale Cobra 11
14%
Miriam MaiselLa fantastica signora Maisel
11%
Reese WilkersonMalcolm
11%
Marty BrydeOzark
4%

Distribuzione punteggi

Percentile per numero di risposta

Percentuale di utenti per punteggio

I tuoi punteggi nel tempo

Non hai fatto questo quiz